000 00900nam a2200265Ia 4500
003 OSt
005 20220918171210.0
006 a|||||r|||| 00| 0
007 ta
008 220917b |||||||| |||| 00| 0 eng d
020 _a9781409405917 (hbk)
_c3996.5
024 _a255,430
037 _b108/2011-12, 21/10/2011, Pioneer Book Distributors
_cTextual
040 _aARTS
_cARTS
_beng
041 _2eng
_aeng
082 _aQ1:(G:5), Q1
100 _aJain Pankaj
_934709
245 0 _aDharma and ecology of Hindu communities
_b Sustenance and sustainability
260 _aSurrey
_bAshgate England
_c2011
300 _axiii,213p.
_ccm.
490 _aAshgate new critical thinking in religion, theology and biblical studies
650 _aRELIGION
942 _hQ1:(G:5), Q1
_cTEXL
_2CC
999 _c138286
_d138286